000 00319nam a22001457a 4500
008 221122b ||||| |||| 00| 0 eng d
020 _a9781584265122
041 _aeng
080 _a610.73
082 _a610.73 GIA
100 _a9
101 _aINF
245 _aCLINICAL CODING WORKOUT
_cBLOCK J
942 _2udc
_cBK
999 _c59009
_d59009